| 000 | 00411nam a2200169Ia 4500 | ||
|---|---|---|---|
| 008 | 240729s9999 xx 000 0 und d | ||
| 022 | _a1420-3049 | ||
| 245 | 0 | _aMolecules | |
| 260 | _aSwitzerland | ||
| 260 | _bMDPI AG | ||
| 650 | _a Chemistry | ||
| 650 | _a Organic chemistry | ||
| 650 | _aScience | ||
| 856 | _uhttps://doaj.org/toc/ce37db262db441d4a3a21c0a22035c9c | ||
| 942 | _2ddc | ||
| 942 | _cDOAJEJ | ||
| 999 |
_c67860 _d67860 |
||
| 945 |
_a1 _bMadushi Gamage _c1 _dMadushi Gamage |
||